000 00576nam a2200229Ia 4500
003 OSt
005 20220918183446.0
006 a|||||r|||| 00| 0
007 ta
008 220917b |||||||| |||| 00| 0 eng d
024 _a38,288
037 _cTextual
040 _aARTS
_cARTS
_beng
041 _2eng
_aeng
082 _aO15,1:g, 111K4
100 _aBhattacharya S
_98836
245 0 _aStudies in Indian poetics
260 _c1964
650 _aSANSKRIT LITERATURE
942 _hO15,1:g, 111K4
_cTEXL
_2CC
999 _c172756
_d172756